Normal view
MARC view
Entry Topical Term
001 - CONTROL NUMBER
- control field: 36702
003 - CONTROL NUMBER IDENTIFIER
- control field: ARRUPE
005 - DATE AND TIME OF LATEST TRANSACTION
- control field: 20171005101257.0
008 - FIXED-LENGTH DATA ELEMENTS
- fixed length control field: 171005|| aca||aabn | a|a d
040 ## - CATALOGING SOURCE
- Original cataloging agency: ARRUPE
- Transcribing agency: ARRUPE
150 ## - HEADING--TOPICAL TERM
- Topical term or geographic name as entry element: Universities and colleges
- General subdivision: Curricula
- General subdivision: History.
670 ## - SOURCE DATA FOUND
- Source citation: Work cat.: (ARRUPE)0: MacIntyre, Alasdair C. 18768, God, philosophy, universities :, c2009.